| 000 | 00826nam a2200289Ia 4500 | ||
|---|---|---|---|
| 001 | 79299 | ||
| 003 | IT-RoPAU | ||
| 008 | 130308s9999 xx 000 0 und d | ||
| 040 | _aIT-RoPAU | ||
| 040 | _cIT-RoPAU | ||
| 041 | _aITALIANO | ||
| 100 | _aArgentieri Simona | ||
| 100 | _gCodice Aut. SPICS: 17648 | ||
| 245 | _aSenso della nostalgia (Il): da Nostalghia a Sacrificio | ||
| 245 | _bFuoco (Il), L'Acqua, L'Ombra-Andrej Tarkovskij: Il Cinema Fra Poesia e Profezia | ||
| 250 | _a1a ed. | ||
| 260 | _aFIRENZE | ||
| 260 | _bLa Casa Usher | ||
| 260 | _c1989 [1° Ed.:1989 - Ed.Ling.Originale:1987] | ||
| 300 | _a"8 p. (prefazione: no ; testo: 8 [pagine: 25-32])" | ||
| 650 | _aAUTORI/OPERE DEL CINEMA | ||
| 650 | _eCodice materia Spics: 6807 | ||
| 942 | _cBK | ||
| 957 | _71 | ||
| 999 |
_c53166 _d53166 |
||
| 999 | _bSI | ||
| 999 | _g1 | ||